Statistics for Top 20 Most Populated Cities in the World

Click here to take the quiz!

General Stats

  • This quiz has been taken 44 times
  • The average score is 13 of 20

Answer Stats

Rank in PopulationCity% Correct
#9New York City, United States of America
93%
#1Tokyo, Japan
90%
#8Beijing, China
88%
#20Los Angeles, United States of America
88%
#3Shanghai, China
81%
#6Mumbai, India
76%
#10Cairo, Egypt
74%
#2Delhi, India
74%
#4Mexico City, Mexico
74%
#19Lagos, Nigeria
69%
#18Manila, Philippines
64%
#13Buenos Aires, Argentina
57%
#12Karachi, Pakistan
57%
#5Sao Paulo, Brazil
55%
#11Dhaka, Bangladesh
52%
#15Istanbul, Turkey
52%
#7Osaka, Japan
48%
#17Rio de Janeiro, Brazil
40%
#14Calcutta, India
12%
#16Chongqing, China
5%

Score Distribution

Percentile by Number Answered

Percent of People with Each Score

Your Score History

You have not taken this quiz